000 00619nam a22001817a 4500
005 20260409143826.0
010 _aENG-148205
020 _a9789394107250
_c380.00
035 _aEN-131737
037 _aDBAD
082 _21
_a515.33
100 _aBandhopadhyay, Nandadulal
_988843
245 _aFoundamental Disciplines of Analysis Differential Calculus
_cNandadulal Bandopadhyay
260 _aBeliaghata
_bRuba Sen Books & Allied (p) Ltd.
270 _a83 /1, Dr. S.C Banerjee Road, Beliaghata, kolkata 700010
_bKolkata
_e700010
300 _a328.pg
_c24cm(pb)
942 _2ddc
_cEN
_e1
_h515.33
_mBAN
999 _c215838
_d215838